[Event "Santa Catarina-chT"]
[Site "Piratuba"]
[Date "2018.04.14"]
[Round "3.2"]
[White "Kanzler, Karina Daniela"]
[Black "Prior, Marciane"]
[Result "1/2-1/2"]
[WhiteElo "1862"]
[BlackElo "1881"]
[PlyCount "42"]
[EventDate "2018.04.13"]
[EventType "team-swiss"]
[EventRounds "5"]
[EventCountry "BRA"]
[SourceTitle "CBM 184 Extra"]
[Source "ChessBase"]
[SourceDate "2018.06.28"]
[SourceVersion "1"]
[SourceVersionDate "2018.06.28"]
[SourceQuality "1"]
[WhiteTeam "Jaragua do Sul"]
[BlackTeam "Sicoob Gelnex"]
[WhiteTeamCountry "BRA"]
[BlackTeamCountry "BRA"]

1. b3 e5 2. Bb2 Nc6 3. Nf3 e4 4. Nd4 Qf6 5. e3 Bc5 6. Nxc6 Qxb2 7. Nc3 bxc6 8. a3 Bxa3 9. Rb1 Qxb1 10. Nxb1 Be7 11. Qg4 Nf6 12. Qxg7 Rg8 13. Qh6 Rg6 14. Qf4 Kd8 15. Qe5 d5 16. Qd4 c5 17. Qa4 Nd7 18. Qa5 Rb6 19. Nc3 Bb7 20. Na4 Rg6 21. g3 c4 1/2-1/2

[Event "Caioba Telecom op"]
[Site "Caioba"]
[Date "2017.10.01"]
[Round "7"]
[White "Kanzler, Karina Daniela"]
[Black "Setti, Dalmarino"]
[Result "1-0"]
[WhiteElo "1879"]
[BlackElo "1645"]
[PlyCount "43"]
[EventDate "2017.09.28"]
[EventType "swiss"]
[EventRounds "8"]
[EventCountry "BRA"]
[SourceTitle "EXT 2020"]
[Source "ChessBase"]
[SourceDate "2019.10.17"]
[SourceVersion "1"]
[SourceVersionDate "2019.10.17"]
[SourceQuality "1"]

1. b3 Nf6 2. Bb2 e6 3. Nf3 b6 4. e3 Bb7 5. d4 c5 6. Bd3 Nd5 7. dxc5 Bxc5 8. 0-0 0-0 9. c4 d6 10. Nc3 Nd7 11. Rc1 Re8 12. cxd5 e5 13. Re1 Nf8 14. Bb1 Qd7 15. Qc2 Rac8 16. Rcd1 a6 17. Qf5 Qxf5 18. Bxf5 Rb8 19. Bd3 Bc8 20. Nd2 Ng6 21. g3 Bd7 22. a4 1-0

[Event "Florianopolis Winter Amateur op"]
[Site "Florianopolis"]
[Date "2017.08.12"]
[Round "3"]
[White "Filgueiras, Nathan Felipe"]
[Black "Kanzler, Karina Daniela"]
[Result "0-1"]
[WhiteElo "2087"]
[BlackElo "1859"]
[PlyCount "96"]
[EventDate "2017.08.11"]
[EventType "swiss"]
[EventRounds "7"]
[EventCountry "BRA"]
[SourceTitle "CBM 180 Extra"]
[Source "ChessBase"]
[SourceDate "2017.10.06"]
[SourceVersion "1"]
[SourceVersionDate "2017.10.06"]
[SourceQuality "1"]

1. e4 c6 2. Nc3 d5 3. Nf3 d4 4. Ne2 c5 5. c3 Nc6 6. cxd4 cxd4 7. Qa4 d3 8. Ned4 Bd7 9. Bxd3 a6 10. Nxc6 Bxc6 11. Qc2 Rc8 12. Qb1 e5 13. 0-0 Bd6 14. b3 h5 15. Bb2 Qe7 16. Bc2 h4 17. d4 f6 18. Rd1 Bd7 19. Bd3 g5 20. dxe5 fxe5 21. Bf1 Rh6 22. Qd3 Bc6 23. Bc1 Rg6 24. Bxg5 Qg7 25. Bxh4 Bb5 26. Qd5 Rc5 27. Qxc5 Bxc5 28. Bxb5+ axb5 29. Rd8+ Kf7 30. Bg3 Rxg3 31. hxg3 Qxg3 32. Rd2 Bb6 33. Kf1 Qf4 34. Rd5 Nf6 35. Rxb5 Bd4 36. Rxb7+ Kg6 37. Nxd4 exd4 38. Rb6 Kg7 39. Rxf6 Kxf6 40. Re1 Ke5 41. a4 d3 42. a5 Qh2 43. f3 Kf4 44. Kf2 Qg3+ 45. Kf1 d2 46. Rd1 Ke3 47. Rxd2 Kxd2 48. Kg1 Ke2 0-1

[Event "Florianopolis Winter Amateur op"]
[Site "Florianopolis"]
[Date "2017.08.12"]
[Round "4"]
[White "Kanzler, Karina Daniela"]
[Black "Dias, Anderson Tatsch"]
[Result "0-1"]
[WhiteElo "1859"]
[BlackElo "2172"]
[PlyCount "110"]
[EventDate "2017.08.11"]
[EventType "swiss"]
[EventRounds "7"]
[EventCountry "BRA"]
[SourceTitle "CBM 180 Extra"]
[Source "ChessBase"]
[SourceDate "2017.10.06"]
[SourceVersion "1"]
[SourceVersionDate "2017.10.06"]
[SourceQuality "1"]

1. Nf3 g6 2. e4 d6 3. d4 Nf6 4. Nc3 Bg7 5. Be3 c6 6. Be2 Qa5 7. 0-0 0-0 8. Nd2 b5 9. a3 e5 10. Nb3 Qc7 11. f4 exf4 12. Bxf4 Nbd7 13. Kh1 a6 14. Bf3 Ne8 15. Qd2 Nb6 16. Qf2 Nc4 17. Rab1 Qb6 18. Ne2 a5 19. Nd2 Nxd2 20. Bxd2 f5 21. exf5 Bxf5 22. Rbc1 Nf6 23. Qh4 Rae8 24. Ng3 Be6 25. c3 Qc7 26. Bg5 Bd5 27. Be2 Ne4 28. Nxe4 Rxe4 29. Rxf8+ Bxf8 30. Qf2 h6 31. Bd2 Re7 32. Bd3 Be4 33. Bf1 d5 34. Qh4 g5 35. Qg4 Rf7 36. Be3 Qe7 37. Re1 Bf5 38. Qd1 a4 39. Bf4 Be4 40. Be5 Rf2 41. Qc1 Rc2 42. Qa1 Qf7 43. Bg3 h5 44. Re2 h4 45. Rxc2 Bxc2 46. Be5 Qf2 47. Qc1 Bh6 48. h3 Be4 49. Kh2 g4 50. Qd1 Bf3 51. Qb1 g3+ 52. Kh1 Be4 53. Qd1 Kh7 54. Bd6 Qf5 55. Kg1 Be3+ 0-1

[Event "Sao Bento do Sul op 06"]
[Site "Sao Bento do Sul"]
[Date "2017.06.10"]
[Round "3"]
[White "Piccoli, Lucas Fonseca"]
[Black "Kanzler, Karina Daniela"]
[Result "0-1"]
[WhiteElo "1876"]
[BlackElo "1858"]
[PlyCount "102"]
[EventDate "2017.06.09"]
[EventType "swiss"]
[EventRounds "6"]
[EventCountry "BRA"]
[SourceTitle "EXT 2019"]
[Source "ChessBase"]
[SourceDate "2018.10.10"]
[SourceVersion "1"]
[SourceVersionDate "2018.10.10"]
[SourceQuality "1"]

1. Nf3 Nf6 2. c4 e6 3. Nc3 Be7 4. g3 b6 5. Bg2 Bb7 6. 0-0 d6 7. b3 Nbd7 8. d4 Ne4 9. Bb2 Nxc3 10. Bxc3 Bf6 11. Qc2 Qe7 12. e4 e5 13. d5 Nf8 14. b4 g5 15. Rfc1 Ng6 16. Bd2 g4 17. Ne1 0-0 18. c5 dxc5 19. bxc5 Rfd8 20. Bb4 Qe8 21. c6 Bc8 22. d6 cxd6 23. c7 Rd7 24. Qc6 Ba6 25. Bxd6 Qc8 26. Bb4 Kg7 27. Bf1 Bb7 28. Qc2 Rd4 29. Bc3 Rd7 30. Bb4 a6 31. Ba3 b5 32. Ng2 Bg5 33. Ne3 Bxe3 34. fxe3 Qe8 35. Qc5 Rc8 36. Qb6 Bxe4 37. Bb4 Ne7 38. Ba5 Nd5 39. Qa7 Qe6 40. a4 Qf6 41. Be2 Bf3 42. Bd3 e4 43. Bf1 Qh6 44. Bc3+ Nxc3 45. Rxc3 Rd2 46. Qd4+ Rxd4 47. exd4 Qd2 48. Raa3 b4 49. Rxf3 gxf3 50. Rb3 e3 51. Rd3 Qf2+ 0-1

[Event "Catarinense-ch (Women)"]
[Site "Blumenau"]
[Date "2017.05.20"]
[Round "3"]
[White "Kanzler, Karina Daniela"]
[Black "Vercino, Gabriela"]
[Result "1/2-1/2"]
[WhiteElo "1870"]
[BlackElo "1631"]
[PlyCount "77"]
[EventDate "2017.05.19"]
[EventType "swiss"]
[EventRounds "6"]
[EventCountry "BRA"]
[SourceTitle "CBM 178 Extra"]
[Source "ChessBase"]
[SourceDate "2017.06.22"]
[SourceVersion "1"]
[SourceVersionDate "2017.06.22"]
[SourceQuality "1"]

1. b3 b6 2. Bb2 Bb7 3. e3 e6 4. f4 c5 5. Nf3 Nf6 6. Be2 Be7 7. 0-0 0-0 8. Qe1 h6 9. Qg3 Re8 10. d3 d5 11. Nbd2 Nbd7 12. Ne5 Rc8 13. Nxd7 Qxd7 14. Be5 Qd8 15. Rac1 Bf8 16. f5 exf5 17. Rxf5 Nd7 18. Bb2 g6 19. Rcf1 Re7 20. Bh5 Qe8 21. e4 dxe4 22. Nxe4 Bxe4 23. dxe4 Rc6 24. Bf3 Rce6 25. Rd1 Bg7 26. Bxg7 Kxg7 27. Rfd5 Nf6 28. Rd8 Qb5 29. Qb8 Qa5 30. a4 Re8 31. Rxe8 Rxe8 32. Qb7 Rd8 33. Rf1 Rd7 34. Qc6 Qc3 35. Kh1 Qe5 36. h3 Rc7 37. Qa8 Rd7 38. Qc6 Rc7 39. Qa8 1/2-1/2

[Event "Catarinense-ch (Women)"]
[Site "Blumenau"]
[Date "2017.05.19"]
[Round "1"]
[White "Kanzler, Karina Daniela"]
[Black "Delavy, Jhenifer Vitoria Co"]
[Result "1-0"]
[WhiteElo "1870"]
[BlackElo "1479"]
[PlyCount "43"]
[EventDate "2017.05.19"]
[EventType "swiss"]
[EventRounds "6"]
[EventCountry "BRA"]
[SourceTitle "CBM 178 Extra"]
[Source "ChessBase"]
[SourceDate "2017.06.22"]
[SourceVersion "1"]
[SourceVersionDate "2017.06.22"]
[SourceQuality "1"]

1. b3 d5 2. Bb2 Nf6 3. Nf3 Bf5 4. e3 e6 5. Be2 Be7 6. d3 0-0 7. Nh4 Bg6 8. Nxg6 hxg6 9. Nd2 c5 10. h4 Nh7 11. h5 g5 12. h6 Bf6 13. hxg7 Kxg7 14. Qc1 Bxb2 15. Qxb2+ Nf6 16. 0-0-0 Rh8 17. Nf3 Rg8 18. Nxg5 Kf8 19. f4 Nc6 20. Rh6 d4 21. Rxf6 Rg7 22. Nxe6+ 1-0